书目信息 |
| 题名: |
新编电脑基础操作标准教程
|
|
| 作者: | 邢铁申 , 冯冰 编 | |
| 分册: | ||
| 出版信息: | 西安 西北工业大学音像电子出版社 2007.10 |
|
| 页数: | 239页 | |
| 开本: | 26cm | |
| 丛书名: | ||
| 单 册: | ||
| 中图分类: | TP3-43 | |
| 科图分类: | ||
| 主题词: | 计算机技术 | |
| 电子资源: | ||
| ISBN: | 978-7-900701-36-7 | |
| 000 | 00695nam0 2200205 450 | |
| 001 | 0858612329 | |
| 005 | 20081223094716.57 | |
| 010 | @a978-7-900701-36-7@dCNY28.00 | |
| 100 | @a20081222d2007 km y0chiy0120 ea | |
| 101 | 0 | @achi |
| 200 | 1 | @a新编电脑基础操作标准教程@Axin bian dian nao ji chu cao zuo biao zhun jiao cheng@f邢铁申,冯冰编@Fxing tie shen,feng bing bian |
| 210 | @a西安@c西北工业大学音像电子出版社@d2007.10 | |
| 215 | @a239页@d26cm@e光盘一张 | |
| 300 | @a21世纪国家计算机技能型紧缺人才标准培养教材 | |
| 606 | 0 | @a计算机技术 |
| 690 | @aTP3-43@v4 | |
| 701 | 0 | @a邢铁申@Axing tie shen@4编 |
| 701 | 0 | @a冯冰@Afeng bing@4编 |
| 801 | 0 | @aCN@bNISOFT@c20081223 |
| 905 | @aBZT@dTP3-43@e10@f5 | |
| 新编电脑基础操作标准教程/邢铁申,冯冰编.-西安:西北工业大学音像电子出版社,2007.10 |
| 239页;26cm+光盘一张 |
| 21世纪国家计算机技能型紧缺人才标准培养教材 |
| ISBN 978-7-900701-36-7:CNY28.00 |
| ● |
| 相关链接 |
|
|
|
正题名:新编电脑基础操作标准教程
索取号:TP3-43/10
 
预约/预借
| 序号 | 登录号 | 条形码 | 馆藏地/架位号 | 状态 | 备注 |
| 1 | 0693307 | 2000693307 | 样本书库/样003架B面3层1列/ [索取号:TP3-43/10] | 在馆 | |
| 2 | 0693308 | 2000693308 | 中心书库中库/ 中库028架B面6列3层2/ [索取号:TP3-43/10] | 在馆 | |
| 3 | 0693309 | 2000693309 | 中心书库中库/ 中库028架B面6列3层4/ [索取号:TP3-43/10] | 在馆 | |
| 4 | 0693310 | 2000693310 | 中心书库中库/ 中库028架B面6列3层1/ [索取号:TP3-43/10] | 在馆 | |
| 5 | 0693311 | 2000693311 | 中心书库中库/ 中库028架B面6列3层3/ [索取号:TP3-43/10] | 在馆 |